Normal view
MARC view
Entry Topical Term
001 - CONTROL NUMBER
- control field: 1842
003 - CONTROL NUMBER IDENTIFIER
- control field: BD-RjUL
005 - DATE AND TIME OF LATEST TRANSACTION
- control field: 20220313113329.0
008 - FIXED-LENGTH DATA ELEMENTS
- fixed length control field: 220313|| aca||aabn | a|a d
040 ## - CATALOGING SOURCE
- Original cataloging agency: BD-RjUL
- Transcribing agency: BD-RjUL
150 ## - HEADING--TOPICAL TERM
- Topical term or geographic name entry element: Impact of Financial Sector
- General subdivision: Banks
- Geographic subdivision: Bangladesh
670 ## - SOURCE DATA FOUND
- Source citation: Work cat.: (BD-RjUL)79549: Hassan, A.F.M. Kamrul 1841, Impact of Financial Sector Reform on Financial Intermediation in Bangladesh -, 2005